000 00597nam a2200229Ia 4500
003 OSt
005 20221007074248.0
006 a|||||r|||| 00| 0
007 ta
008 221006b |||||||| |||| 00| 0 eng d
024 _a19,361
037 _cTextual
040 _aFLL
_cFLL
_beng
041 _2eng
_aeng
082 _aZ:94, H6
100 _aOsborn Albert S.
_9692854
245 0 _aQuestioned document problems
260 _aN.Y.
_bBoyd Printing Company USA
_c1946
300 _a569p
_ccm.
942 _hZ:94, H6
_cTEXL
_2CC
999 _c1151734
_d1151734